Normal view
MARC view
- Cuba
Entry Nombre Geográfico
001 - NÚMERO DE CONTROL
- campo de control: 8499
003 - IDENTIFICADOR DE NUMERO DE CONTROL
- campo de control: MX-MxUPN
005 - FECHA Y HORA DE LA ÜLTIMA TRANSACCIÓN
- campo de control: 20241202092216.0
008 - DATOS DE LONGITUD FIJA
- campo de control de longitud fija: 241202nn fnnnnbabc b ana |d
035 ## - NÚMERO DE CONTROL
- Número de control: UPN10000008505
040 ## - FUENTE DE CATALOGACIÓN
- Lenguaje de catalogación: SPA
- Agencia de transcripción: UPN
151 ## - ENCABEZAMIENTO - NOMBRE GEOGRÁFICO
- Nombre geográfico: Cuba
- Subdivisión general : Historia
- Subdivisión cronológica : Revolución, 1959
670 ## - FUENTE EN LA QUE SE LOCALIZARON DATOS
- Cita de la fuente: LEMB, 1998 :
- Información localizada: página 292 (Cuba -- Historia -- Revolución -- 1959)
902 ## - CATALOGADOR
- Catalogador: MEEG/110108
- Catalogador: VíctorGodínez/021224
